Top 5 Countries by Continent by Combined Area of Neighbours - Statistics

General Stats
  • This quiz has been taken 195 times
  • The average score is 14 of 20
Answer Stats
Continent Area Country % Correct
Americas 11,949 United States
96%
Asia 27,982 China
88%
Europe 18,033 Ukraine
87%
Asia 27,875 Kazakhstan
84%
Asia 26,739 Mongolia
83%
Europe 18,144 Belarus
81%
Europe 18,460 Poland
80%
Africa 7,975 Niger
78%
Americas 13,744 Bolivia
77%
Americas 12,395 Paraguay
76%
Americas 11,789 Peru
76%
Europe 17,872 Finland
73%
Africa 6,935 Chad
71%
Americas 11,296 Uruguay
70%
Europe 17,887 Norway
66%
Africa 6,952 Central African Republic
62%
Asia 26,839 North Korea
61%
Africa 7,985 Libya
54%
Africa 7,255 Zambia
44%
Asia 19,629 Azerbaijan
38%
No matching quizzes found
Score Distribution
Percent of People with Each Score
Percentile by Number Answered
Your Score History
You have not taken this quiz